000 00716nam a2200229Ia 4500
005 20241129105934.0
008 241129s9999||||xx |||||||||||||| ||und||
020 _a978-93-5518-091-9
037 _aTB
040 _aARTS
_bhin
_cARTS
041 _ahin
_2hin
084 _aO152,1N70x R3
_qARTS
100 _aतैलंग, राजेश, ले.
245 0 _aचॉंद पे चाय
_cतैलंग, राजेश, ले.
250 _a2
260 _aनई दिल्ली, भारत
_bवाणी प्रकाशन
_c2022
300 _a124पृ0
365 _aINR
_b299
650 _aHindi Poetry
_97134
942 _cTB
_hO152,1N70x R3
999 _c1226675
_d1226675